01391 2200589 4500001002100000008004100021035002000062245005100082260004100133300001900174020001900193084001400212082000800226650001200234990001500246990001500261990001500276990001500291990001500306990001500321990001500336990001500351990001500366990001500381990001500396990001500411990001500426990001500441990001500456990001500471990001500486990001500501990001500516990001500531990001500546990001500561990001500576990001500591990001500606990001500621990001500636990001500651990001500666990001500681990001500696990001500711990001500726990001500741990001500756990001500771990001500786INLIS000000000000056 IND  a0010-1025000002 aSIAP ASPD LITERASI NUMERIKb2024/2025cWIHARNO aYOGYAKARTAbDAFA BINTANG REKSAc2024 a144c19,5 X 28 a97997999465553 a510 WIH a a510 aNUMERIK aASPD.20538 aASPD.20539 aASPD.20540 aASPD.20541 aASPD.20542 aASPD.20543 aASPD.20544 aASPD.20545 aASPD.20546 aASPD.20547 aASPD.20548 aASPD.20549 aASPD.20550 aASPD.20551 aASPD.20552 aASPD.20553 aASPD.20554 aASPD.20555 aASPD.20556 aASPD.20557 aASPD.20558 aASPD.20559 aASPD.20560 aASPD.20561 aASPD.20562 aASPD.20563 aASPD.20564 aASPD.20565 aASPD.20566 aASPD.20567 aASPD.20568 aASPD.20569 aASPD.20570 aASPD.20571 aASPD.20572 aASPD.20573 aASPD.20537